000 00959pam a2200289 a 4500
001 690670
003 OSt
005 20160520145422.0
008 960528s1997 maua 001 0 eng
010 _a 96025478
020 _a0673998932 (student ed.)
040 _aDLC
_cDLC
_dDLC
050 0 0 _aQA39.2
_b.M55 1997
082 0 0 _a510
_220
100 1 _aMiller, Charles D.
_q(Charles David),
_d1942-1986.
245 1 0 _aMathematical ideas.
250 _a8th ed. /
_bCharles D. Miller, Vern E. Heeren, E. John Hornsby, Jr.
260 _aReading, Mass. :
_bAddison-Wesley,
_cc1997.
300 _axii, 926 p. :
_bill. (some col.) ;
_c26 cm.
500 _aIncludes index.
650 0 _aMathematics.
700 1 _aHeeren, Vern E.
700 1 _aHornsby, John,
_d1949-
906 _a7
_bcbc
_corignew
_d1
_eocip
_f19
_gy-gencatlg
942 _2lcc
_cGEN
999 _c14321
_d14321